000 00848nam-a2200241-a-4500
001 000210604
003 AM-YeHGA
005 20250617161235.0
008 990607s1968 xxu 000 0 rus u
040 _aAM-YeHGA
100 1 0 _aШаргут, Я.
245 1 0 _aЭксергия /
_cЯ. Шаргут, Р. Петела ; Пер. Ю.И. Батурина, Д.Ф. Стржижовского ; Под ред. В.М. Бродянского.
250 _aперераб. и доп.
260 0 _aМосква :
_bЭнергия ,
_c1968.
300 _a279 с.
650 4 _aОбщетехнические дисциплины
650 4 _aЭксергия
700 1 _aПетела, Р.
700 1 _aБатурин, Ю.И.
700 1 _aСтржижовский, Д.Ф.
700 1 _aБродянский, В.М.
_4edt
090 _c471159
999 _c467926
_d467926